000 00802nam a2200253Ia 4500
003 OSt
005 20220923223001.0
006 a|||||r|||| 00| 0
007 ta
008 220922b |||||||| |||| 00| 0 hin d
024 _a209,604
037 _cTextual
040 _aARTS
_cARTS
_bhin
041 _2hin
_ahin
082 _aO152,3NDAx, L0
100 _aडल्लारा, जगदीश
_9156369
245 0 _aउजड़ी हुई धूप
246 _aUjaड़ī huī dhūpa
260 _aइन्दौर
_b प्रतिभा प्रका0
_c1970
300 _a110पृ.
_ccm.
650 _aहिन्दी साहित्य
_9156264
942 _hO152,3NDAx, L0
_cTEXL
_2CC
999 _c360153
_d360153